<?xml version="1.0" encoding="UTF-8"?>
<record
    xmlns:xsi="http://www.w3.org/2001/XMLSchema-instance"
    xsi:schemaLocation="http://www.loc.gov/MARC21/slim http://www.loc.gov/standards/marcxml/schema/MARC21slim.xsd"
    xmlns="http://www.loc.gov/MARC21/slim">

  <leader>01046nam a2200241 a 4500</leader>
  <controlfield tag="001">79164</controlfield>
  <controlfield tag="003">BD-RjUL</controlfield>
  <controlfield tag="005">20220112130254.0</controlfield>
  <controlfield tag="008">220112s2020    bg ||||| |||| 00| 0 ben d</controlfield>
  <datafield tag="020" ind1=" " ind2=" ">
    <subfield code="a">9789840424788</subfield>
    <subfield code="c">:Tk.1500.00</subfield>
  </datafield>
  <datafield tag="035" ind1=" " ind2=" ">
    <subfield code="a">(BD-RjUL)79164</subfield>
  </datafield>
  <datafield tag="040" ind1=" " ind2=" ">
    <subfield code="a">BD-RjUL</subfield>
    <subfield code="b">eng</subfield>
    <subfield code="c">BD-RjUL</subfield>
  </datafield>
  <datafield tag="041" ind1=" " ind2=" ">
    <subfield code="a">ben</subfield>
  </datafield>
  <datafield tag="082" ind1=" " ind2=" ">
    <subfield code="2">23</subfield>
    <subfield code="a">891.444</subfield>
    <subfield code="b">POC 2020</subfield>
  </datafield>
  <datafield tag="245" ind1=" " ind2=" ">
    <subfield code="a">&#x9AA;&#x981;&#x99A;&#x9BE;&#x9A4;&#x9CD;&#x9A4;&#x9B0; &#x99F;&#x9CD;&#x9B0;&#x9CD;&#x9AF;&#x9BE;&#x99C;&#x9C7;&#x9A1;&#x9BF; &#x9B0;&#x995;&#x9CD;&#x9A4;&#x9B0;&#x99E;&#x9CD;&#x99C;&#x9BF;&#x9A4; &#x9B6;&#x9A4;&#x9AA;&#x9CD;&#x9B0;&#x9AC;&#x9A8;&#x9CD;&#x9A7; /</subfield>
    <subfield code="c">&#x9B8;&#x9AE;&#x9CD;&#x9AA;&#x9BE;&#x9A6;&#x995; &#x986;&#x9AC;&#x9A6;&#x9C1;&#x9B2; &#x997;&#x9BE;&#x9AB;&#x9AB;&#x9BE;&#x9B0; &#x99A;&#x9CC;&#x9A7;&#x9C1;&#x9B0;&#x9C0;, &#x9AE;&#x9CB;&#x9A8;&#x9BE;&#x9AF;&#x9BC;&#x9C7;&#x9AE; &#x9B8;&#x9B0;&#x995;&#x9BE;&#x9B0; </subfield>
  </datafield>
  <datafield tag="600" ind1=" " ind2=" ">
    <subfield code="a">&#x9AE;&#x9C1;&#x99C;&#x9BF;&#x9AC;&#x9C1;&#x9B0; &#x9B0;&#x9B9;&#x9AE;&#x9BE;&#x9A8;, </subfield>
    <subfield code="c">&#x9B6;&#x9C7;&#x996;, </subfield>
    <subfield code="d">&#x9E7;&#x9EF;&#x9E8;&#x9E6;-&#x9E7;&#x9EF;&#x9ED;&#x9EB; </subfield>
  </datafield>
  <datafield tag="600" ind1=" " ind2=" ">
    <subfield code="a">Mujibur Rahman, </subfield>
    <subfield code="c">Sheikh, </subfield>
    <subfield code="d">1920-1975</subfield>
  </datafield>
  <datafield tag="650" ind1=" " ind2=" ">
    <subfield code="a">&#x9AC;&#x9BE;&#x982;&#x9B2;&#x9BE; &#x9B8;&#x9BE;&#x9B9;&#x9BF;&#x9A4;&#x9CD;&#x9AF; </subfield>
    <subfield code="x">&#x9AA;&#x9CD;&#x9B0;&#x9AC;&#x9A8;&#x9CD;&#x9A7; </subfield>
    <subfield code="9">681</subfield>
  </datafield>
  <datafield tag="650" ind1=" " ind2=" ">
    <subfield code="a">Bengali Literature </subfield>
    <subfield code="x">Essay</subfield>
    <subfield code="9">682</subfield>
  </datafield>
  <datafield tag="700" ind1=" " ind2=" ">
    <subfield code="a">&#x99A;&#x9CC;&#x9A7;&#x9C1;&#x9B0;&#x9C0;, &#x986;&#x9AC;&#x9A6;&#x9C1;&#x9B2; &#x997;&#x9BE;&#x9AB;&#x9AB;&#x9BE;&#x9B0; </subfield>
    <subfield code="9">468</subfield>
  </datafield>
  <datafield tag="700" ind1=" " ind2=" ">
    <subfield code="a">&#x9B8;&#x9B0;&#x995;&#x9BE;&#x9B0;, &#x9AE;&#x9CB;&#x9A8;&#x9BE;&#x9AF;&#x9BC;&#x9C7;&#x9AE; </subfield>
    <subfield code="9">560</subfield>
  </datafield>
  <datafield tag="942" ind1=" " ind2=" ">
    <subfield code="2">ddc</subfield>
    <subfield code="c">BK</subfield>
  </datafield>
  <datafield tag="999" ind1=" " ind2=" ">
    <subfield code="c">79164</subfield>
    <subfield code="d">79164</subfield>
  </datafield>
  <datafield tag="952" ind1=" " ind2=" ">
    <subfield code="0">0</subfield>
    <subfield code="1">0</subfield>
    <subfield code="2">ddc</subfield>
    <subfield code="4">0</subfield>
    <subfield code="7">1</subfield>
    <subfield code="8">NFIC</subfield>
    <subfield code="a">RUCL</subfield>
    <subfield code="b">RUCL</subfield>
    <subfield code="c">Bangabandhu Corner</subfield>
    <subfield code="d">2021-11-25</subfield>
    <subfield code="e">Rajshahi, Biddyasagar</subfield>
    <subfield code="g">1125.00</subfield>
    <subfield code="o">B 891.444 POC 2020</subfield>
    <subfield code="r">2022-01-12 00:00:00</subfield>
    <subfield code="t">C-1</subfield>
    <subfield code="y">BK</subfield>
  </datafield>
  <datafield tag="952" ind1=" " ind2=" ">
    <subfield code="0">0</subfield>
    <subfield code="1">0</subfield>
    <subfield code="2">ddc</subfield>
    <subfield code="4">0</subfield>
    <subfield code="7">0</subfield>
    <subfield code="8">NFIC</subfield>
    <subfield code="a">RUCL</subfield>
    <subfield code="b">RUCL</subfield>
    <subfield code="c">GEN</subfield>
    <subfield code="d">2021-11-25</subfield>
    <subfield code="e">Rajshahi, Biddyasagar</subfield>
    <subfield code="g">1125.00</subfield>
    <subfield code="l">0</subfield>
    <subfield code="o">B 891.444 POC 2020</subfield>
    <subfield code="r">2022-01-12 00:00:00</subfield>
    <subfield code="t">C-2</subfield>
    <subfield code="w">2022-01-12</subfield>
    <subfield code="y">BK</subfield>
  </datafield>
</record>
